000 nam a22 7a 4500
999 _c10561
_d10561
008 180219b ||||| |||| 00| 0 eng d
100 _aVerma,S.etal.
_96465
245 _aExcellence in Mathematics-IV
260 _aNew Delhi
_bPrachi
_c2013